| 000 | 00365nam a2200145Ia 4500 | ||
|---|---|---|---|
| 008 | 250116s9999||||xx |||||||||||||| ||und|| | ||
| 020 | _a9789388658331 | ||
| 082 |
_a320 _bGAU/A |
||
| 100 | _aGauba,O.P | ||
| 245 | 3 | _aAn Introduction to Political Theory | |
| 250 | _a9th Edition | ||
| 260 |
_aNew Delhi _bNational Paperbacks _c2024 |
||
| 300 | _a693p. | ||
| 942 | _cBK | ||
| 999 |
_c47730 _d47730 |
||